00361pab a2200133 454500008004000000100001900040245006000059260000900119300001300128362000800141650001300149650002900162773003600191180718b2005 xxu||||| |||| 00| 0 eng d aFreed, Jann E. aCreating a total quality environment (TQE) for learning c2005 ap.60-81. aFeb aLearning aTotal quality management aJournal of Management Education